[Event "Gibraltar Challengers A 2020"]
[Site "Caleta"]
[Date "2020.01.24"]
[Round "5.28"]
[White "Hladik, Lumir"]
[Black "Paul, Nathanael"]
[Result "1/2-1/2"]
[WhiteElo "2018"]
[BlackElo "1987"]
[Annotator "NA RC"]
[PlyCount "236"]
[EventDate "2020.01.20"]
[EventType "swiss"]
[EventCountry "GGB"]
[SourceTitle "playchess.com"]
[Source "ChessBase"]
[SourceQuality "1"]
[TimeControl "6600+10"]

1. e4 {[%emt 0:00:00]} c6 {[%emt 0:00:00]} 2. d4 {[%emt 0:00:22]} d5 {[%emt 0:00:05]} 3. Nc3 {[%emt 0:00:09]} dxe4 {[%emt 0:00:06]} 4. Nxe4 {[%emt 0:00:10]} Bf5 {[%emt 0:00:14]} 5. Ng3 {[%emt 0:00:12]} Bg6 {[%emt 0:00:04]} 6. Nf3 {[%emt 0:00:13]} Nd7 {[%emt 0:00:11]} 7. h4 {[%emt 0:00:11]} h6 {[%emt 0:00:04]} 8. h5 {[%emt 0:00:08]} Bh7 {[%emt 0:00:03]} 9. Bd3 {[%emt 0:00:08]} Bxd3 {[%emt 0:00:07]} 10. Qxd3 {[%emt 0:00:06]} ({Of course not} 10. cxd3 Ngf6 $15) 10... e6 {[%emt 0:00:13]} 11. Bd2 {[%emt 0:00:25]} Ngf6 {[%emt 0:00:07]} 12. O-O-O {[%emt 0:00:21]} Be7 {[%emt 0:00:04]} 13. c4 {[%emt 0:03:35] B19: Classical Caro-Kann: 4...Bf5 main line} O-O {[%emt 0:00:10]} 14. Kb1 {[%emt 0:00:51]} b5 {[%emt 0:01:02] [#]} 15. Bc1 $146 {[%emt 0:14:58]} ({Predecessor:} 15. cxb5 $11 Qb6 (15... cxb5 16. Qxb5 a5 17. Ne5 Nxe5 18. dxe5 Nd5 19. Ne2 Rb8 20. Qc6 Ba3 {0-1 (31) Ganguly,S (2603)-Jakovenko,D (2737) Motril 2008}) 16. bxc6 Qxc6 17. Rc1) 15... bxc4 {[%emt 0:03:29]} 16. Qxc4 {[%emt 0:00:03]} Nb6 {[%emt 0:00:12]} 17. Qc2 {[%emt 0:01:26]} Qd5 {[%emt 0:00:55]} ({Better is} 17... Nbd5 $17) 18. Rhe1 {[%emt 0:03:48]} Bd6 {[%emt 0:06:04]} 19. Ne5 {[%emt 0:01:35]} Rfc8 {[%emt 0:00:10] [#]} 20. Nxf7 $2 {[%emt 0:01:22]} (20. Bxh6 $1 $16 {[%mdl 512] keeps the pressure on.} gxh6 {[#]} 21. Nxf7 $1 {[%mdl 576] Remove Defender, Decoy} Kxf7 22. Qg6+ {[%mdl 64] Double Attack} Ke7 23. Nf5+ {[%mdl 64] Double Attack} Kd8 24. Qxf6+ {[%mdl 64] Double Attack} (24. Nxd6 Qxd6 25. Qxf6+ {[%mdl 64] Double Attack} Kd7 $11) 24... Kc7 25. Nxd6 (25. Nxh6 Rf8 $17) (25. Qxe6 Rg8 $11) 25... Qxd6 26. Rxe6) 20... Kxf7 {[%emt 0:17:56]} 21. Qg6+ {[%emt 0:00:27]} Kg8 {[%emt 0:00:02]} 22. Bxh6 {[%emt 0:00:32]} Bf8 {[%emt 0:00:28]} 23. Bxg7 {[%emt 0:06:34]} Bxg7 {[%emt 0:00:13]} 24. h6 {[%emt 0:00:25]} Qd7 {[%emt 0:00:48]} 25. Rxe6 {[%emt 0:02:49]} Qf7 {[%emt 0:01:59]} 26. Qxg7+ {[%emt 0:00:25]} Qxg7 {[%emt 0:00:03]} 27. hxg7 {[%emt 0:00:15]} Kxg7 {[%emt 0:00:37]} 28. Rc1 {[%emt 0:01:56]} Nbd5 {[%emt 0:03:03]} 29. Rexc6 {[%emt 0:01:26]} Rxc6 {[%emt 0:00:04]} 30. Rxc6 {[%emt 0:00:19]} Re8 {[%emt 0:01:27]} 31. a3 {[%emt 0:00:28]} Kg6 {[%emt 0:03:07]} 32. Ra6 {[%emt 0:01:53]} Re1+ {[%emt 0:00:33]} 33. Ka2 {[%emt 0:00:23]} Rg1 {[%emt 0:01:45]} 34. Ne4 {[%emt 0:02:08]} Rxg2 {[%emt 0:00:19]} 35. Nxf6 {[%emt 0:01:57]} Nxf6 {[%emt 0:00:02]} 36. Rxa7 {[%emt 0:00:27]} Rxf2 {[%emt 0:00:04]} 37. Rc7 {[%emt 0:01:39]} Kf5 {[%emt 0:01:06]} 38. Re7 {[%emt 0:05:00]} Rd2 {[%emt 0:00:48]} 39. Re5+ {[%emt 0:00:28]} Kf4 {[%emt 0:00:02]} 40. Re1 {[%emt 0:02:59]} Rxd4 {[%emt 0:00:35]} 41. Rf1+ {[%emt 0:00:45]} Ke5 {[%emt 0:00:20]} 42. Rf2 {[%emt 0:01:35]} Ne4 {[%emt 0:00:36]} 43. Rh2 {[%emt 0:00:27]} Kd5 {[%emt 0:00:28]} 44. Rc2 {[%emt 0:01:58]} Rd1 {[%emt 0:04:38]} 45. a4 {[%emt 0:01:38]} Nc5 {[%emt 0:00:17]} 46. a5 {[%emt 0:01:45]} Rd4 {[%emt 0:01:11]} 47. b3 {[%emt 0:01:33]} Rb4 {[%emt 0:02:38]} 48. Rc3 {[%emt 0:03:30]} Rb5 {[%emt 0:00:14]} 49. Ka3 {[%emt 0:01:07]} Rxa5+ {[%emt 0:07:35]} 50. Kb4 {[%emt 0:00:28]} Nb7 {[%emt 0:00:25]} 51. Rc7 {[%emt 0:00:32]} Ra7 $1 {[%emt 0:00:03]} 52. Rd7+ {[%emt 0:04:56]} Kc6 {[%emt 0:00:15]} 53. Rd1 {[%emt 0:00:37]} Ra2 {[%emt 0:01:26]} 54. Rc1+ {[%emt 0:00:17]} Kb6 {[%emt 0:00:06]} 55. Rh1 {[%emt 0:00:16]} Rg2 {[%emt 0:00:07]} 56. Rh6+ {[%emt 0:00:11]} Kc7 {[%emt 0:00:07]} 57. Rh7+ {[%emt 0:00:22]} Kc6 {[%emt 0:00:08]} 58. Rh4 {[%emt 0:01:19]} Nd6 {[%emt 0:01:02]} 59. Rf4 {[%emt 0:00:06]} Ne8 {[%emt 0:00:36]} 60. Rc4+ {[%emt 0:00:27]} Kb6 {[%emt 0:00:08]} 61. Rh4 {[%emt 0:00:39]} Nc7 {[%emt 0:00:05]} 62. Rh6+ {[%emt 0:00:30]} Kb7 {[%emt 0:00:02]} 63. Rh4 {[%emt 0:01:10]} Rg3 {[%emt 0:00:09]} 64. Rd4 {[%emt 0:00:43]} Na6+ {[%emt 0:00:43]} 65. Kc4 {[%emt 0:00:27]} Nb8 {[%emt 0:00:32]} 66. Rh4 {[%emt 0:00:25]} Kb6 {[%emt 0:00:53]} 67. Rf4 {[%emt 0:00:41]} Nc6 {[%emt 0:00:24]} 68. b4 {[%emt 0:00:47]} Rg1 {[%emt 0:00:29]} 69. Rf6 {[%emt 0:00:38]} Rg4+ {[%emt 0:01:52]} 70. Kc3 {[%emt 0:00:59]} Kb5 {[%emt 0:00:32]} 71. Rf5+ {[%emt 0:00:10]} Ka4 $1 {[%emt 0:01:54]} 72. b5 {[%emt 0:01:15]} Na5 {[%emt 0:01:00]} 73. b6 {[%emt 0:01:29]} Rg6 {[%emt 0:01:50]} 74. Rf4+ {[%emt 0:06:28]} Kb5 {[%emt 0:01:21]} 75. Rb4+ {[%emt 0:01:35]} Kc6 {[%emt 0:01:01]} 76. Rb1 {[%emt 0:00:59]} Kb7 {[%emt 0:00:24]} 77. Kd4 {[%emt 0:00:25]} Rg5 {[%emt 0:00:25]} 78. Rb2 {[%emt 0:00:20]} Nc6+ {[%emt 0:00:08]} 79. Kc4 {[%emt 0:00:23]} Ne7 {[%emt 0:00:42]} 80. Kd4 {[%emt 0:00:19]} Nc8 {[%emt 0:00:15]} 81. Rb1 {[%emt 0:00:23]} Nxb6 {[%emt 0:00:16]} 82. Rb2 {[%emt 0:00:05]} Kc6 {[%emt 0:00:37]} 83. Rc2+ {[%emt 0:00:03]} Kd6 {[%emt 0:00:12]} 84. Rb2 {[%emt 0:00:12]} Rg4+ {[%emt 0:00:13]} 85. Kd3 {[%emt 0:00:13]} Kc5 {[%emt 0:02:14]} 86. Rc2+ {[%emt 0:00:19]} Kd5 {[%emt 0:00:22]} 87. Rh2 {[%emt 0:00:18]} Rg3+ {[%emt 0:00:10]} 88. Kc2 {[%emt 0:00:10]} Nc4 {[%emt 0:00:32]} 89. Rh5+ {[%emt 0:00:13]} Kd4 {[%emt 0:00:13]} 90. Rh4+ {[%emt 0:00:09] [#]} Kc5 $1 {[%emt 0:00:13]} 91. Rh2 {[%emt 0:00:16]} Kb4 {[%emt 0:00:24]} 92. Rf2 {[%emt 0:00:14]} Ra3 {[%emt 0:02:22]} 93. Rf8 {[%emt 0:00:39]} Rc3+ {[%emt 0:01:24]} 94. Kd1 {[%emt 0:00:24]} Rh3 {[%emt 0:01:07]} 95. Kc2 {[%emt 0:00:14]} Nb6 {[%emt 0:01:44]} 96. Rb8 {[%emt 0:00:13]} Kc5 {[%emt 0:00:38]} 97. Rg8 {[%emt 0:00:04]} Nd5 {[%emt 0:01:13]} 98. Kd2 {[%emt 0:00:17]} Nf4 {[%emt 0:01:23]} 99. Rd8 {[%emt 0:00:37]} Nd5 {[%emt 0:00:47]} ({Better is} 99... Rf3 $15) 100. Rg8 $1 {[%emt 0:00:36]} Nc3 {[%emt 0:03:18]} 101. Rg5+ {[%emt 0:01:07]} Kd4 {[%emt 0:00:55]} 102. Rg2 {[%emt 0:00:26]} Rh4 {[%emt 0:03:55]} 103. Kc2 {[%emt 0:00:19]} Kc4 {[%emt 0:00:07]} 104. Rd2 {[%emt 0:00:21]} Nd5 {[%emt 0:00:54]} 105. Rf2 {[%emt 0:00:18]} Rd4 {[%emt 0:01:05]} 106. Kb2 {[%emt 0:00:40]} Kb4 {[%emt 0:02:42]} 107. Rh2 {[%emt 0:00:18]} Ne3 {[%emt 0:02:39]} 108. Re2 {[%emt 0:00:32]} Rd3 {[%emt 0:00:03]} 109. Rh2 {[%emt 0:00:47]} Rc3 {[%emt 0:08:48]} 110. Rh8 {[%emt 0:00:39]} Rc2+ {[%emt 0:01:09]} 111. Kb1 {[%emt 0:00:13]} Rg2 {[%emt 0:00:18]} 112. Rh3 {[%emt 0:01:31]} Nd5 {[%emt 0:00:48]} 113. Kc1 {[%emt 0:01:20]} Nc3 {[%emt 0:00:17]} 114. Rh8 {[%emt 0:00:27]} Kb3 {[%emt 0:00:22]} 115. Rb8+ {[%emt 0:00:17]} Kc4 {[%emt 0:00:02]} 116. Rb4+ {[%emt 0:01:17]} Kd3 {[%emt 0:00:12]} 117. Rd4+ {[%emt 0:00:10]} Ke3 {[%emt 0:00:15]} 118. Rd3+ {[%emt 0:00:23]} Kxd3 {[%emt 0:00:07]} 1/2-1/2

[Event "Gibraltar Challengers A 2020"]
[Site "Caleta"]
[Date "2020.01.24"]
[Round "5.29"]
[White "Skutta, Bernd"]
[Black "Kaplan, Amiram"]
[Result "0-1"]
[WhiteElo "1998"]
[BlackElo "1880"]
[Annotator "NA RC"]
[PlyCount "60"]
[EventDate "2020.01.20"]
[EventType "swiss"]
[EventCountry "GGB"]
[SourceTitle "playchess.com"]
[Source "ChessBase"]
[SourceQuality "1"]
[TimeControl "6600+10"]

1. d4 {[%emt 0:00:00]} f5 {[%emt 0:00:43]} 2. Bg5 {[%emt 0:00:56]} c6 {[%emt 0:00:00]} 3. Nc3 {[%emt 0:00:27]} d5 {[%emt 0:01:15]} 4. Nf3 {[%emt 0:00:25]} g6 {[%emt 0:00:42]} 5. h4 {[%emt 0:01:13]} Nf6 {[%emt 0:01:53]} 6. h5 {[%emt 0:01:06]} Nxh5 {[%emt 0:02:09]} 7. Rxh5 {[%emt 0:00:38]} gxh5 {[%emt 0:00:06]} 8. Ne5 {[%emt 0:01:11]} Nd7 {[%emt 0:01:38]} 9. e4 {[%emt 0:00:55]} Nxe5 {[%emt 0:00:22]} 10. dxe5 {[%emt 0:00:19]} Qc7 {[%emt 0:07:04]} 11. Qxh5+ {[%emt 0:00:56]} Kd8 {[%emt 0:00:20]} 12. O-O-O {[%emt 0:01:12]} Qxe5 {[%emt 0:06:00] [#]} 13. Nxd5 $1 {[%emt 0:03:20]} Bd7 {[%emt 0:05:06]} 14. Bf4 {[%emt 0:04:13]} Qxe4 {[%emt 0:00:50]} 15. f3 {[%emt 0:01:29]} Qa4 {[%emt 0:05:25]} 16. Be5 {[%emt 0:02:11]} cxd5 {[%emt 0:05:40]} 17. Rxd5 {[%emt 0:17:05]} Rc8 {[%emt 0:07:44]} 18. b3 {[%emt 0:14:13]} Qc6 {[%emt 0:00:40]} 19. Bc4 {[%emt 0:06:09]} Bh6+ {[%emt 0:01:33]} 20. Kb2 {[%emt 0:02:51]} Rf8 {[%emt 0:01:58]} 21. g4 {[%emt 0:03:05]} fxg4 {[%emt 0:00:45]} 22. fxg4 {[%emt 0:00:34]} a6 {[%emt 0:01:34]} 23. g5 {[%emt 0:10:24]} Rf5 {[%emt 0:01:16]} ({Less strong is} 23... b5 24. gxh6 bxc4 25. Bc3 $19) 24. Qxh6 {[%emt 0:11:25]} Qxh6 {[%emt 0:00:40]} 25. gxh6 {[%emt 0:00:10]} e6 {[%emt 0:01:29]} 26. Ra5 {[%emt 0:02:41]} b5 {[%emt 0:05:25]} 27. Bd3 {[%emt 0:02:16]} Rxe5 {[%emt 0:02:36]} 28. Rxa6 {[%emt 0:00:13]} Rh5 {[%emt 0:00:33]} 29. Bxh7 {[%emt 0:00:34]} Rxh6 {[%emt 0:00:08]} 30. Bd3 {[%emt 0:00:33]} Rb8 $19 {[%emt 0:02:00]} 0-1

[Event "Gibraltar Challengers A 2020"]
[Site "Caleta"]
[Date "2020.01.24"]
[Round "5.30"]
[White "Perez Ruiz, Santiago"]
[Black "Hermes, Geoff R"]
[Result "1/2-1/2"]
[WhiteElo "1953"]
[BlackElo "1832"]
[Annotator "NA RC"]
[PlyCount "43"]
[EventDate "2020.01.20"]
[EventType "swiss"]
[EventCountry "GGB"]
[SourceTitle "playchess.com"]
[Source "ChessBase"]
[SourceQuality "1"]
[TimeControl "6600+10"]

{[%evp 14,43,-12,-1,33,44,36,32767,32767,32767,32767,32767,32767,32767,32767,33,32767,32767,32767,32767,32767,45,49,38,43,24,36,31,54,37,42,23]} 1. d4 {[%emt 0:10:50]} d6 {[%emt 0:00:01]} 2. c4 {[%emt 0:01:03]} e5 {[%emt 0:00:06]} 3. d5 {[%emt 0:02:33]} f5 {[%emt 0:00:06]} 4. g3 {[%emt 0:01:11]} Nf6 {[%emt 0:00:26]} 5. Bg2 {[%emt 0:00:27]} Be7 {[%emt 0:00:22]} 6. Nc3 {[%emt 0:00:18] A41: 1 d4 d6: Tartakower System and Modern Defence} O-O {[%emt 0:00:24]} 7. Nf3 {[%emt 0:01:44]} c6 {[%emt 0:12:05]} 8. O-O {[%emt 0:01:06]} e4 $146 {[%emt 0:05:10]} ({Predecessor:} 8... cxd5 9. Nxd5 Nc6 10. b3 Nxd5 11. Qxd5+ Kh8 12. Bb2 {0-1 (37) Ghaem Maghami,E (2560)-Sadorra,J (2574) Ashkhabad 2017}) 9. Nd4 {[%emt 0:03:34]} c5 {[%emt 0:02:07]} 10. Nc2 {[%emt 0:02:42]} Nbd7 {[%emt 0:00:49]} 11. b3 {[%emt 0:04:00]} Ne5 {[%emt 0:06:31]} 12. Bb2 {[%emt 0:05:09]} Bd7 {[%emt 0:02:07]} 13. Qd2 {[%emt 0:01:26]} Nfg4 {[%emt 0:20:25]} 14. f3 {[%emt 0:06:07]} exf3 {[%emt 0:08:13]} 15. exf3 {[%emt 0:02:06]} Nh6 {[%emt 0:02:18]} 16. f4 {[%emt 0:04:15]} Ng6 {[%emt 0:11:15]} 17. Rae1 {[%emt 0:03:54]} Bf6 {[%emt 0:01:00]} 18. Re2 {[%emt 0:02:00]} Re8 {[%emt 0:00:30]} 19. Rfe1 {[%emt 0:00:24]} Rxe2 {[%emt 0:03:22]} 20. Rxe2 {[%emt 0:02:53]} Qf8 {[%emt 0:00:43]} 21. Qe1 {[%emt 0:03:36]} Re8 {[%emt 0:00:27]} 22. Qd1 $11 {[%emt 0:06:09]} 1/2-1/2

[Event "Gibraltar Challengers A 2020"]
[Site "Caleta"]
[Date "2020.01.24"]
[Round "5.31"]
[White "Aura, Kristian"]
[Black "Campuzano, Franco"]
[Result "1-0"]
[WhiteElo "1928"]
[BlackElo "1785"]
[Annotator "NA RC"]
[PlyCount "185"]
[EventDate "2020.01.20"]
[EventType "swiss"]
[EventCountry "GGB"]
[SourceTitle "playchess.com"]
[Source "ChessBase"]
[SourceQuality "1"]
[TimeControl "6600+10"]

1. d4 {[%emt 0:00:00]} Nf6 {[%emt 0:05:43]} 2. Nf3 {[%emt 0:00:00]} g6 {[%emt 0:00:26]} 3. c4 {[%emt 0:00:07]} Bg7 {[%emt 0:00:05]} 4. Nc3 {[%emt 0:00:04]} O-O {[%emt 0:00:09]} 5. e4 {[%emt 0:00:08]} d6 {[%emt 0:00:12]} 6. Be2 {[%emt 0:00:05]} e5 {[%emt 0:01:05]} 7. d5 {[%emt 0:00:06]} Nbd7 {[%emt 0:00:24]} 8. Bg5 {[%emt 0:00:25]} h6 {[%emt 0:02:00]} 9. Bh4 {[%emt 0:00:11]} g5 {[%emt 0:02:52]} 10. Bg3 {[%emt 0:00:05]} Nxe4 {[%emt 0:00:49] E93: King's Indian: Classical: Petrosian System with 7...Nbd7} (10... Nh5 11. Nd2 Nf4 12. Bf1 Nc5 13. Nb3 f5 14. Nxc5 dxc5 15. Qc2 a6 16. O-O-O b5 17. f3 b4 18. Na4 fxe4 19. fxe4 {½-½ (31) Andreikin,D (2720)-Fedoseev,V (2659) Berlin 2015}) 11. Nxe4 {[%emt 0:00:13]} f5 {[%emt 0:00:02]} 12. Nc3 {[%emt 0:02:39]} f4 {[%emt 0:02:21]} 13. Nd2 {[%emt 0:00:15]} fxg3 $146 {[%emt 0:00:33]} ({Predecessor:} 13... Nf6 14. Nde4 Bf5 15. Bd3 Qe7 16. Qc2 fxg3 17. Nxf6+ Qxf6 18. Bxf5 gxf2+ 19. Qxf2 Qxf5 20. Qxf5 Rxf5 {½-½ (36) Kerber,W-Skalmowski,B Bad Laasphe 1994}) 14. hxg3 {[%emt 0:00:13]} c6 {[%emt 0:01:06]} 15. O-O {[%emt 0:18:02]} a5 {[%emt 0:04:37]} ({Better is} 15... Nf6 $14) 16. dxc6 {[%emt 0:05:29]} bxc6 {[%emt 0:00:12]} 17. Nde4 {[%emt 0:00:51]} Nf6 {[%emt 0:14:37]} 18. Nxd6 {[%emt 0:10:05]} Qc7 {[%emt 0:05:54]} 19. Nde4 {[%emt 0:11:57]} Rd8 {[%emt 0:03:41]} 20. Qc2 {[%emt 0:02:08]} Be6 {[%emt 0:00:29]} 21. Rad1 {[%emt 0:03:05]} Rd4 {[%emt 0:02:10]} 22. b3 {[%emt 0:00:57]} Rad8 {[%emt 0:01:21]} 23. Bd3 {[%emt 0:03:06]} Qe7 {[%emt 0:10:19]} 24. Ne2 {[%emt 0:05:56]} R4d7 {[%emt 0:03:24]} 25. Nxf6+ {[%emt 0:05:05]} Bxf6 {[%emt 0:02:41]} 26. Be4 {[%emt 0:00:18]} Rd6 {[%emt 0:07:42]} 27. Nc3 {[%emt 0:03:18]} Bg7 {[%emt 0:04:33]} 28. Rxd6 {[%emt 0:00:25]} Rxd6 {[%emt 0:01:05]} 29. Rd1 {[%emt 0:00:21]} Qd7 {[%emt 0:00:43]} 30. Rxd6 {[%emt 0:00:23]} Qxd6 {[%emt 0:00:07]} 31. Qd3 {[%emt 0:02:50]} (31. Nd1 $18 {is more deadly.}) 31... Qd4 {[%emt 0:03:25]} 32. Bh7+ {[%emt 0:09:05]} Kh8 {[%emt 0:02:20]} 33. Bg6 {[%emt 0:03:28]} (33. Qc2 $142) 33... Qxd3 {[%emt 0:06:31]} 34. Bxd3 {[%emt 0:00:06]} Bf8 {[%emt 0:00:51]} 35. Kf1 {[%emt 0:02:18]} Bb4 {[%emt 0:00:36]} 36. Nd1 {[%emt 0:00:43]} Kg7 {[%emt 0:00:30]} 37. Ke2 {[%emt 0:04:18]} Kf6 {[%emt 0:00:16]} 38. Ne3 {[%emt 0:01:49]} Bd7 {[%emt 0:01:43]} 39. g4 {[%emt 0:00:40]} Bc5 {[%emt 0:01:04]} 40. f3 {[%emt 0:02:23]} Bxe3 {[%emt 0:02:26]} 41. Kxe3 {[%emt 0:00:02]} c5 {[%emt 0:00:38]} 42. Be4 {[%emt 0:01:32]} Ke7 {[%emt 0:01:06]} 43. Bd5 {[%emt 0:00:25]} Kd6 {[%emt 0:00:48]} 44. Ke4 {[%emt 0:00:32]} Bc8 {[%emt 0:00:33]} 45. Bf7 {[%emt 0:00:42]} Bd7 {[%emt 0:00:30]} 46. Bg6 {[%emt 0:03:04]} Bc8 {[%emt 0:00:18]} 47. Be8 {[%emt 0:00:09]} Be6 {[%emt 0:00:53]} 48. Kd3 {[%emt 0:00:14]} Bc8 {[%emt 0:00:48]} 49. Bg6 {[%emt 0:00:51]} Bd7 {[%emt 0:00:26]} 50. a3 {[%emt 0:00:36]} Bc8 {[%emt 0:00:38]} 51. Kc3 {[%emt 0:00:05]} Bd7 {[%emt 0:02:09]} 52. b4 {[%emt 0:00:11]} axb4+ {[%emt 0:03:08]} 53. axb4 {[%emt 0:00:01]} Bc8 {[%emt 0:03:33]} 54. Be4 {[%emt 0:00:30]} Bd7 {[%emt 0:00:39]} 55. b5 {[%emt 0:00:44]} Kc7 {[%emt 0:00:10]} 56. Bd5 {[%emt 0:00:30]} Kd6 {[%emt 0:00:55]} 57. Ba8 {[%emt 0:02:13]} Be8 {[%emt 0:00:39]} 58. Kd3 {[%emt 0:00:30]} Bd7 $2 {[%emt 0:00:04]} (58... Bf7 59. b6 Kd7) 59. Be4 {[%emt 0:01:10]} Be6 {[%emt 0:00:18] [#]} 60. Bg6 $2 {[%emt 0:01:48]} (60. Bd5 $1 {[%mdl 512]}) 60... Bc8 $2 {[%emt 0:00:14]} (60... Bg8 $16 61. Be4 Kc7) 61. Bf7 {[%emt 0:00:12]} Bd7 {[%emt 0:00:11]} 62. Ke4 {[%emt 0:00:07]} Bc8 {[%emt 0:00:01]} 63. Bd5 {[%emt 0:00:13]} Bd7 {[%emt 0:00:02]} 64. b6 {[%emt 0:00:04]} Ba4 {[%emt 0:00:08]} 65. b7 {[%emt 0:00:06]} Bc2+ {[%emt 0:00:02]} 66. Ke3 {[%emt 0:00:03]} Kc7 {[%emt 0:00:02]} 67. Kd2 {[%emt 0:00:13]} Bb1 {[%emt 0:00:03]} 68. Kc1 {[%emt 0:00:18]} Bd3 {[%emt 0:00:04]} 69. Kb2 {[%emt 0:00:02]} Bf1 $2 {[%emt 0:00:24]} (69... Bg6 $16) 70. g3 {[%emt 0:00:21]} Be2 {[%emt 0:00:02]} 71. Ka3 {[%emt 0:00:02]} e4 {[%emt 0:00:03]} 72. fxe4 {[%emt 0:00:20]} Bxg4 {[%emt 0:00:01]} 73. e5 {[%emt 0:00:10]} Bd7 {[%emt 0:00:01]} 74. e6 {[%emt 0:00:09]} Be8 {[%emt 0:00:00]} 75. Bf3 {[%emt 0:00:32]} h5 {[%emt 0:00:04]} 76. Bg2 {[%emt 0:00:02]} h4 {[%emt 0:00:02]} 77. gxh4 {[%emt 0:00:01]} gxh4 {[%emt 0:00:01]} 78. Bd5 {[%emt 0:00:15]} h3 {[%emt 0:00:02]} 79. Kb2 {[%emt 0:00:02]} h2 {[%emt 0:00:01]} 80. e7 {[%emt 0:00:10]} Bf7 {[%emt 0:00:33]} (80... Kb8 $18 81. Kc2 Bg6+ 82. Kd2 Be8) 81. Bh1 {[%emt 0:00:06]} Be8 {[%emt 0:00:13]} 82. Kc3 {[%emt 0:00:02]} Bf7 {[%emt 0:00:00]} 83. Kd2 {[%emt 0:00:01]} Be8 {[%emt 0:00:08]} 84. Ke3 {[%emt 0:00:01]} Bf7 {[%emt 0:00:19]} 85. Kf4 {[%emt 0:00:06]} Be8 {[%emt 0:00:11]} 86. Ke5 {[%emt 0:00:17]} Bf7 {[%emt 0:00:15]} 87. Kf6 {[%emt 0:00:12]} Be8 {[%emt 0:00:03]} 88. Kg7 {[%emt 0:00:16]} Bh5 {[%emt 0:00:20]} 89. Kf8 {[%emt 0:00:16]} Bg6 {[%emt 0:00:01]} 90. e8=Q {[%emt 0:00:15] Promotion} Bxe8 {[%emt 0:00:05]} 91. Kxe8 {[%emt 0:00:02]} Kb8 {[%emt 0:00:08]} 92. Kd7 {[%emt 0:00:19]} Ka7 {[%emt 0:00:01]} 93. Kc7 {[%emt 0:00:08]} 1-0

[Event "Gibraltar Challengers A 2020"]
[Site "Caleta"]
[Date "2020.01.24"]
[Round "5.32"]
[White "Fischer, Robert"]
[Black "Auvinen, Esa"]
[Result "1-0"]
[WhiteElo "1923"]
[BlackElo "1850"]
[Annotator "NA RC"]
[PlyCount "79"]
[EventDate "2020.01.20"]
[EventType "swiss"]
[EventCountry "GGB"]
[SourceTitle "playchess.com"]
[Source "ChessBase"]
[SourceQuality "1"]
[TimeControl "6600+10"]

1. c4 {[%emt 0:00:00]} Nf6 {[%emt 0:00:00]} 2. Nc3 {[%emt 0:00:08]} e6 {[%emt 0:00:23]} 3. e4 {[%emt 0:00:11]} d5 {[%emt 0:00:24]} 4. cxd5 {[%emt 0:00:26]} exd5 {[%emt 0:00:09]} 5. e5 {[%emt 0:00:15]} d4 {[%emt 0:01:17]} 6. exf6 {[%emt 0:00:31]} dxc3 {[%emt 0:00:08]} 7. Bb5+ {[%emt 0:00:20]} c6 {[%emt 0:01:02]} 8. Qe2+ {[%emt 0:00:29]} Be6 {[%emt 0:00:22]} 9. Bc4 {[%emt 0:00:42]} Qxf6 {[%emt 0:03:49]} 10. dxc3 {[%emt 0:00:27] A18: English Opening: Flohr-Mikenas System (1 c4 Nf6 2 Nc3 e6 3 e4)} Be7 {[%emt 0:01:43]} (10... Nd7 11. Bxe6 Qxe6 12. Qxe6+ fxe6 13. Nf3 O-O-O 14. Bg5 Re8 15. Ke2 h6 16. Be3 e5 17. Nd2 Bc5 {½-½ (55) Petrov,N (2585)-Samsonkin,A (2428) Moscow 2019}) 11. Bxe6 {[%emt 0:00:49]} Qxe6 {[%emt 0:00:09]} 12. Qxe6 {[%emt 0:00:07]} fxe6 {[%emt 0:00:07]} 13. Nf3 {[%emt 0:00:59]} Bf6 {[%emt 0:03:43]} 14. Ng5 $146 {[%emt 0:05:35]} ({Predecessor:} 14. Bf4 Na6 15. O-O-O Rd8 16. Rhe1 Rxd1+ 17. Rxd1 O-O {1-0 (36) Doostkam,P (2241)-Nikzaban,E (2081) Urmia 2008}) 14... Bxg5 {[%emt 0:02:16]} 15. Bxg5 {[%emt 0:00:05]} Nd7 {[%emt 0:01:11]} 16. O-O-O {[%emt 0:01:35]} Nf6 {[%emt 0:03:32]} 17. Rhe1 {[%emt 0:02:07]} Ke7 $1 {[%emt 0:03:59]} 18. Re3 {[%emt 0:06:27]} Rhe8 {[%emt 0:01:02]} 19. Rh3 {[%emt 0:03:52]} h6 {[%emt 0:01:59]} 20. Bxf6+ {[%emt 0:00:51]} Kxf6 {[%emt 0:00:10]} 21. Rd7 {[%emt 0:00:15]} e5 {[%emt 0:10:01]} 22. Rf3+ {[%emt 0:04:08]} Ke6 {[%emt 0:00:48]} 23. Rxg7 {[%emt 0:09:17]} e4 {[%emt 0:06:50]} 24. Re3 {[%emt 0:02:27]} Kd5 {[%emt 0:01:35]} 25. Rxb7 {[%emt 0:02:24]} Rg8 {[%emt 0:03:15]} 26. g3 {[%emt 0:01:45]} Rgf8 {[%emt 0:00:33]} 27. Re2 {[%emt 0:01:00]} Rf3 {[%emt 0:02:22]} 28. Rd2+ {[%emt 0:01:36]} Ke6 {[%emt 0:03:59]} 29. Rc7 {[%emt 0:02:22]} Raf8 {[%emt 0:01:17]} 30. Rxc6+ {[%emt 0:00:47]} Ke5 {[%emt 0:00:21]} 31. Rc5+ {[%emt 0:01:04]} Ke6 {[%emt 0:00:51]} 32. Rc4 {[%emt 0:01:23]} Ke5 {[%emt 0:02:59]} 33. Re2 {[%emt 0:04:59]} Rxf2 {[%emt 0:00:11]} 34. Rcxe4+ {[%emt 0:00:13]} Kd5 {[%emt 0:00:31]} 35. Re5+ {[%emt 0:00:45]} Kd6 {[%emt 0:02:04]} 36. Re6+ {[%emt 0:01:02] Double Attack} Kd5 {[%emt 0:04:01]} 37. R2e5+ {[%emt 0:02:03]} Kc4 {[%emt 0:00:20]} 38. Rc6+ {[%emt 0:00:13]} Kd3 {[%emt 0:00:22]} 39. Rd6+ {[%emt 0:00:11]} Kc4 {[%emt 0:00:43]} 40. Rd4# {[%emt 0:00:04] Kd5} 1-0